Treatise on Heat Engineering (Record no. 6760)

MARC details
000 -LEADER
fixed length control field 00439nam a2200169Ia 4500
008 - FIXED-LENGTH DATA ELEMENTS--GENERAL INFORMATION
fixed length control field 221030s9999 xx 000 0 und d
020 ## - INTERNATIONAL STANDARD BOOK NUMBER
ISBN 8120003500
041 ## - LANGUAGE CODE
Language code of text/sound track or separate title
082 ## - DEWEY DECIMAL CLASSIFICATION NUMBER
Classification number 105.23
Item number Vas
100 ## - MAIN ENTRY--AUTHOR NAME
Personal name V. P. Vasandani
245 #0 - TITLE STATEMENT
Title Treatise on Heat Engineering
Statement of responsibility, etc by V. P. Vasandani, D. S. Kumar
260 ## - PUBLICATION, DISTRIBUTION, ETC. (IMPRINT)
Name of publisher Metropolitan Pub.
Place of publication New Delhi
Year of publication 2000
300 ## - PHYSICAL DESCRIPTION
Number of Pages 24
650 ## - SUBJECT ADDED ENTRY--TOPICAL TERM
Topical Term Mechanical
700 ## - ADDED ENTRY--PERSONAL NAME
Personal name D. S. Kumar
942 ## - ADDED ENTRY ELEMENTS (KOHA)
Koha item type Books
Holdings
Accession Number Cost, normal purchase price Full call number Price effective from Koha item type Withdrawn / writtenoff status Materials specified (bound volume or other part) Damaged status Not for loan Permanent Location Current Location Shelving location Date acquired Lost/ Missing status department
BE 2206 200.00 105.23 Vas 10/30/2022 Books   Print     MIET Library, Jammu MIET Library, Jammu BL-Academic Block C, FL-2, CUP-4, SH-6, R-6 12/20/2000   BE
BE 2207 200.00 105.23 Vas 10/30/2022 Books   Print     MIET Library, Jammu MIET Library, Jammu BL-Academic Block- C, FL-2, CUP-4, SH-6, R-6 12/20/2000   BE
BE 2208 200.00 105.23 Vas 10/30/2022 Books   Print     MIET Library, Jammu MIET Library, Jammu BL-Academic Block B, FL-1, CUP-4, SH-6, R-6 12/20/2000   BE
BE 2209 200.00 105.23 Vas 10/30/2022 Books   Print     MIET Library, Jammu MIET Library, Jammu BL-Academic Block- C, FL-2, CUP-4, SH-6, R-6 12/20/2000   BE
BE 2301 200.00 105.23 Vas 10/30/2022 Books   Print     MIET Library, Jammu MIET Library, Jammu BL-Academic Block C, FL-2, CUP-4, SH-6, R-6 01/08/2001   BE
BE 2302 200.00 105.23 Vas 10/30/2022 Books   Print     MIET Library, Jammu MIET Library, Jammu BL-Academic Block- A, FL-2, CUP-4, SH-5, R-5 01/08/2001   BE
BE 2303 200.00 105.23 Vas 10/30/2022 Books   Print     MIET Library, Jammu MIET Library, Jammu BL-Academic Block- C, FL-2, CUP-4, SH-6, R-6 01/08/2001   BE
BE 2304 200.00 105.23 Vas 10/30/2022 Books   Print     MIET Library, Jammu MIET Library, Jammu BL-Academic Block- C, FL-2, CUP-4, SH-6, R-6 01/08/2001   BE
BE 2305 200.00 105.23 Vas 10/30/2022 Books   Print     MIET Library, Jammu MIET Library, Jammu BL-Academic Block- C, FL-2, CUP-4, SH-3, R-3 01/08/2001   BE